| 000 | 00526nam a22001697a 4500 | ||
|---|---|---|---|
| 003 | BD-DhUL | ||
| 005 | 20190721142008.0 | ||
| 008 | 190721snd. pk ||||| |||| 00| 0 urd d | ||
| 040 |
_aBD-DhUL _cBD-DhUL |
||
| 082 |
_a891.431 _bMAD |
||
| 100 | 1 | _aمجروح، میر مہدی دہلوی | |
| 245 | 1 | 0 |
_aدیوان مجروح / _cمیر مہدی مجروح دہلوی |
| 260 |
_aلاہور : _bعبد الغریز تاجر کتب، _c۔ |
||
| 300 |
_aص۔ ۲۱۹ ؛ _c۲۱ سم۔ |
||
| 650 | 4 | _aUrdu poetry | |
| 942 |
_2ddc _cBK |
||
| 999 |
_c248908 _d248908 |
||